000
00277nam a22001337a 4500
008
171211b xxu||||| |||| 00| 0 eng d
020
_a
9780536089076
041
_a
eng
080
_a
7
100
_a
44
101
_a
ART
245
_a
MOSAICOS
_c
OLIVELLA, M
942
_2
udc
_c
BK
999
_c
38872
_d
38872